000 00400nam a2200169Ia 4500
005 20240823010712.0
008 240823s9999||||xx |||||||||||||| ||und||
082 _A382.92 N6
100 _a"Debroy,Bibek"
245 0 _aBeyond the Uruguay round
250 _a1st
260 _c1996
_b"RB,New Delhi"
500 _aYES
650 _aManagement
_bManagement Studies
942 _cBK
999 _c159405
_d159405